[Event "Madrid-chT 2223"]
[Site "Madrid"]
[Date "2023.03.05"]
[Round "12.1"]
[White "Almagro Llamas, Pablo"]
[Black "Taboas Rodriguez, Daniel"]
[Result "1/2-1/2"]
[WhiteElo "2418"]
[BlackElo "2375"]
[PlyCount "62"]
[EventDate "2022.11.20"]
[EventType "team-tourn"]
[EventRounds "14"]
[EventCountry "ESP"]
[SourceTitle "Ajedrez en Madrid"]
[Source "lmi"]
[SourceDate "2022.11.21"]
[SourceVersion "1"]
[SourceVersionDate "2023.03.23"]
[SourceQuality "1"]
[WhiteTeam "Virgen de Atocha"]
[BlackTeam "Blanco y Negro"]
[WhiteTeamCountry "ESP"]
[BlackTeamCountry "ESP"]

1. d4 Nf6 2. Nf3 g6 3. g3 b6 4. Bg2 Bb7 5. O-O Bg7 6. c4 O-O 7. Nc3 Ne4 8. Qc2
Nxc3 9. Qxc3 c5 10. Be3 Nc6 11. Qd2 Nxd4 12. Nxd4 Bxg2 13. Kxg2 cxd4 14. Bxd4
Qc7 15. Bxg7 Kxg7 16. Rac1 d6 17. Rfd1 Rac8 18. h4 h5 19. b3 Qb7+ 20. Kg1 Rc5
21. b4 Re5 22. c5 bxc5 23. bxc5 dxc5 24. Rxc5 Rxc5 25. Qd4+ f6 26. Qxc5 Rc8 27.
Qd5 Qxd5 28. Rxd5 Rc2 29. Ra5 Rxe2 30. Rxa7 f5 31. Kf1 Re6 1/2-1/2

[Event "Madrid-chT 2223"]
[Site "Madrid"]
[Date "2023.03.05"]
[Round "12.2"]
[White "Hidalgo Duque, Carlos"]
[Black "Fernandez de Bobadilla, Gabriel"]
[Result "1-0"]
[WhiteElo "2260"]
[BlackElo "2129"]
[PlyCount "125"]
[EventDate "2022.11.20"]
[EventType "team-tourn"]
[EventRounds "14"]
[EventCountry "ESP"]
[SourceTitle "Ajedrez en Madrid"]
[Source "lmi"]
[SourceDate "2022.11.21"]
[SourceVersion "1"]
[SourceVersionDate "2023.03.23"]
[SourceQuality "1"]
[WhiteTeam "Blanco y Negro"]
[BlackTeam "Virgen de Atocha"]
[WhiteTeamCountry "ESP"]
[BlackTeamCountry "ESP"]

1. Nf3 Nf6 2. c4 b6 3. g3 Bb7 4. Bg2 g6 5. O-O Bg7 6. Nc3 O-O 7. d4 Ne4 8. Nxe4
Bxe4 9. Be3 d6 10. Qd2 Nd7 11. Bh6 Nf6 12. Rfd1 Re8 13. Bxg7 Kxg7 14. Rac1 c5
15. Qe3 Qc8 16. d5 Bxf3 17. exf3 Rb8 18. a4 a6 19. Bf1 Qf5 20. Rd2 Nd7 21. f4
Nf6 22. f3 Qd7 23. b3 e5 24. dxe6 fxe6 25. Bh3 d5 26. Qe5 d4 27. Re1 Rbd8 28.
a5 Qd6 29. axb6 Qxb6 30. Rd3 Qd6 31. Ra1 Qxe5 32. fxe5 Nd7 33. f4 Nb8 34. Bg2
Re7 35. Kf2 Rc7 36. Ra5 Rdd7 37. Ke2 Kf7 38. Be4 Kg7 39. Kd2 h6 40. h4 Kf7 41.
g4 Kg7 42. h5 Rf7 43. Rf3 gxh5 44. gxh5 Kf8 45. f5 exf5 46. Bd5 Nc6 47. Bxf7
Nxa5 48. Bd5 Nc6 49. Rxf5+ Kg7 50. Kd3 Nb4+ 51. Ke4 Re7 52. e6 d3 53. Rf2 Kg8
54. Ke5 a5 55. Kd6 Re8 56. Kd7 Rb8 57. e7+ Nxd5 58. cxd5 a4 59. Kc7 Re8 60. d6
axb3 61. Rf8+ Kg7 62. Rxe8 d2 63. Rg8+ 1-0

[Event "Madrid-chT 2223"]
[Site "Madrid"]
[Date "2023.03.05"]
[Round "12.3"]
[White "Yanes Crespo, Javier"]
[Black "Alarcia Astiz, Carlos"]
[Result "0-1"]
[WhiteElo "2010"]
[BlackElo "2261"]
[PlyCount "46"]
[EventDate "2022.11.20"]
[EventType "team-tourn"]
[EventRounds "14"]
[EventCountry "ESP"]
[SourceTitle "Ajedrez en Madrid"]
[Source "lmi"]
[SourceDate "2022.11.21"]
[SourceVersion "1"]
[SourceVersionDate "2023.03.23"]
[SourceQuality "1"]
[WhiteTeam "Virgen de Atocha"]
[BlackTeam "Blanco y Negro"]
[WhiteTeamCountry "ESP"]
[BlackTeamCountry "ESP"]

1. e4 c6 2. c4 d5 3. exd5 cxd5 4. cxd5 Nf6 5. d4 Nxd5 6. Nf3 e6 7. a3 Be7 8.
Bd3 Nd7 9. O-O O-O 10. Nc3 N7f6 11. Re1 b6 12. Bg5 Bb7 13. Ne2 a6 14. Bc2 Rc8
15. Qd3 b5 16. Ng3 g6 17. h4 Ng4 18. Bxe7 Qxe7 19. Rad1 Nf4 20. Qd2 Bxf3 21.
gxf3 Nh3+ 22. Kg2 Ngxf2 23. Rc1 Qxh4 0-1

[Event "Madrid-chT 2223"]
[Site "Madrid"]
[Date "2023.03.05"]
[Round "12.4"]
[White "Renteria Becerra, Jorge Elicer"]
[Black "Rodriguez del Pino, Daniel"]
[Result "1/2-1/2"]
[WhiteElo "2195"]
[BlackElo "1830"]
[PlyCount "72"]
[EventDate "2022.11.20"]
[EventType "team-tourn"]
[EventRounds "14"]
[EventCountry "ESP"]
[SourceTitle "Ajedrez en Madrid"]
[Source "lmi"]
[SourceDate "2022.11.21"]
[SourceVersion "1"]
[SourceVersionDate "2023.03.23"]
[SourceQuality "1"]
[WhiteTeam "Blanco y Negro"]
[BlackTeam "Virgen de Atocha"]
[WhiteTeamCountry "ESP"]
[BlackTeamCountry "ESP"]

1. e4 c5 2. Nf3 d6 3. d4 cxd4 4. Qxd4 Nc6 5. Bb5 a6 6. Bxc6+ bxc6 7. c4 e5 8.
Qd3 Nf6 9. O-O Be7 10. Nc3 Qc7 11. h3 O-O 12. b3 Rd8 13. Bb2 Be6 14. Rac1 Nh5
15. Nd5 Qb7 16. Nxe7+ Qxe7 17. Qe3 Nf4 18. Kh2 f6 19. Ng1 d5 20. g3 Ng6 21.
exd5 cxd5 22. cxd5 Rxd5 23. Rfd1 Qd7 24. Rxd5 Bxd5 25. Qb6 Qf5 26. Qe3 h5 27.
Rd1 Qe6 28. Ba3 Nh8 29. Ne2 Nf7 30. Nc3 Bb7 31. Ne4 Qc6 32. f3 f5 33. Nd6 Rd8
34. Rc1 Qxf3 35. Qxf3 Bxf3 36. Nxf5 Rd2+ 1/2-1/2

[Event "Madrid-chT 2223"]
[Site "Madrid"]
[Date "2023.03.05"]
[Round "12.5"]
[White "Aragon Gutierrez, Alejandro"]
[Black "Cubillo Muñoz, Miguel"]
[Result "1/2-1/2"]
[WhiteElo "1843"]
[BlackElo "2151"]
[PlyCount "56"]
[EventDate "2022.11.20"]
[EventType "team-tourn"]
[EventRounds "14"]
[EventCountry "ESP"]
[SourceTitle "Ajedrez en Madrid"]
[Source "lmi"]
[SourceDate "2022.11.21"]
[SourceVersion "1"]
[SourceVersionDate "2023.03.23"]
[SourceQuality "1"]
[WhiteTeam "Virgen de Atocha"]
[BlackTeam "Blanco y Negro"]
[WhiteTeamCountry "ESP"]
[BlackTeamCountry "ESP"]

1. Nf3 c5 2. c4 g6 3. Nc3 Bg7 4. g3 Nc6 5. Bg2 Nf6 6. O-O O-O 7. d3 d5 8. cxd5
Nxd5 9. Bd2 Nc7 10. Rb1 e5 11. Qc1 Qe7 12. Bh6 Bxh6 13. Qxh6 Nd4 14. Ng5 f6 15.
Nd5 Nxd5 16. Bxd5+ Ne6 17. Nxe6 Bxe6 18. Bxe6+ Qxe6 19. a3 Rac8 20. Rfc1 Rc6
21. Rc2 Rfc8 22. Rbc1 b5 23. Qd2 a6 24. Qa5 e4 25. dxe4 Qxe4 26. Rd2 R8c7 27.
Rcd1 Qe6 28. Qc3 Kg7 1/2-1/2

[Event "Madrid-chT 2223"]
[Site "Madrid"]
[Date "2023.03.05"]
[Round "12.6"]
[White "Silva Peña, Angel David"]
[Black "Serrano De Haro Sanchez, Agustin"]
[Result "1/2-1/2"]
[WhiteElo "1864"]
[BlackElo "1635"]
[PlyCount "67"]
[EventDate "2022.11.20"]
[EventType "team-tourn"]
[EventRounds "14"]
[EventCountry "ESP"]
[SourceTitle "Ajedrez en Madrid"]
[Source "lmi"]
[SourceDate "2022.11.21"]
[SourceVersion "1"]
[SourceVersionDate "2023.03.23"]
[SourceQuality "1"]
[WhiteTeam "Blanco y Negro"]
[BlackTeam "Virgen de Atocha"]
[WhiteTeamCountry "ESP"]
[BlackTeamCountry "ESP"]

1. e4 c5 2. Nf3 d6 3. d4 cxd4 4. Nxd4 Nf6 5. Nc3 a6 6. Bg5 e6 7. f4 Nbd7 8. Qf3
Qc7 9. O-O-O b5 10. g4 Bb7 11. Bxf6 Nxf6 12. g5 Nd7 13. f5 Ne5 14. Qh5 exf5 15.
Bg2 b4 16. Nd5 Bxd5 17. exd5 g6 18. Qe2 Bg7 19. h4 O-O 20. h5 Rfe8 21. hxg6
hxg6 22. Qd2 Nc4 23. Qf4 Qa5 24. Kb1 Ne3 25. Nc6 Qc5 26. Qf2 Nxd1 27. Qxc5 Nc3+
28. bxc3 dxc5 29. d6 Rad8 30. Nxd8 Rxd8 31. cxb4 cxb4 32. Rd1 f6 33. gxf6 Bxf6
34. d7 1/2-1/2

[Event "Madrid-chT 2223"]
[Site "Madrid"]
[Date "2023.03.05"]
[Round "12.1"]
[White "Plazuelo Pascual, Juan"]
[Black "Valles Moreno, Ivan"]
[Result "1/2-1/2"]
[WhiteElo "2458"]
[BlackElo "2340"]
[PlyCount "120"]
[EventDate "2022.11.20"]
[EventType "team-tourn"]
[EventRounds "14"]
[EventCountry "ESP"]
[SourceTitle "Ajedrez en Madrid"]
[Source "lmi"]
[SourceDate "2022.11.21"]
[SourceVersion "1"]
[SourceVersionDate "2023.03.23"]
[SourceQuality "1"]
[WhiteTeam "Alcorcon Diagonal"]
[BlackTeam "Villalba 64"]
[WhiteTeamCountry "ESP"]
[BlackTeamCountry "ESP"]

1. d4 Nf6 2. c4 d6 3. Nc3 e5 4. Nf3 Nbd7 5. Bg5 h6 6. Bh4 exd4 7. Nxd4 c6 8. e3
Ne5 9. Qc2 Be7 10. Nf5 Bxf5 11. Qxf5 O-O 12. O-O-O Qc7 13. Bg3 Rfe8 14. Be2
Rad8 15. h4 a6 16. c5 Qa5 17. cxd6 Bxd6 18. Kb1 Bc7 19. h5 Ned7 20. Qxa5 Bxa5
21. Bh4 Nc5 22. Kc2 Bxc3 23. Kxc3 a5 24. Kc2 Kf8 25. g4 Rxd1 26. Rxd1 Nd5 27.
Bf3 Ne4 28. Rd4 Ndf6 29. Be2 Ng5 30. Bg3 Nfe4 31. Bh4 Nf6 32. Ra4 b6 33. Rc4
Nd5 34. Bxg5 hxg5 35. Bd3 Rc8 36. Kb3 Nf6 37. Be2 Ke7 38. f4 gxf4 39. exf4 Nd7
40. g5 Nc5+ 41. Kc2 Rh8 42. Bg4 Ne6 43. Re4 Kd6 44. Kd2 c5 45. Ke3 Nd4 46. Kf2
f5 47. gxf6 gxf6 48. f5 b5 49. Kg3 a4 50. Re1 b4 51. Kf4 Kd7 52. a3 bxa3 53.
bxa3 Kd6 54. Rb1 Nb3 55. Rd1+ Nd4 56. Rb1 Kd5 57. Rb7 c4 58. Rd7+ Kc5 59. Rc7+
Kd5 60. Rd7+ Kc5 1/2-1/2

[Event "Madrid-chT 2223"]
[Site "Madrid"]
[Date "2023.03.05"]
[Round "12.2"]
[White "Sanchez Gonzalez, Sergio"]
[Black "Neagu, Roberto Florin"]
[Result "0-1"]
[WhiteElo "2258"]
[BlackElo "2314"]
[PlyCount "50"]
[EventDate "2022.11.20"]
[EventType "team-tourn"]
[EventRounds "14"]
[EventCountry "ESP"]
[SourceTitle "Ajedrez en Madrid"]
[Source "lmi"]
[SourceDate "2022.11.21"]
[SourceVersion "1"]
[SourceVersionDate "2023.03.23"]
[SourceQuality "1"]
[WhiteTeam "Villalba 64"]
[BlackTeam "Alcorcon Diagonal"]
[WhiteTeamCountry "ESP"]
[BlackTeamCountry "ESP"]

1. Nf3 d5 2. b3 Nc6 3. Bb2 Bf5 4. e3 Nf6 5. Bb5 a6 6. Bxc6+ bxc6 7. d4 Bg4 8.
h3 Bxf3 9. Qxf3 e6 10. O-O Be7 11. c4 O-O 12. Rc1 Ne4 13. Nc3 f5 14. cxd5 cxd5
15. Qe2 Bd6 16. Nxe4 fxe4 17. Rc6 Qh4 18. Rf1 a5 19. Ra6 Rxa6 20. Qxa6 g5 21.
Qe2 h5 22. Bc3 g4 23. Be1 Rf3 24. Qb5 gxh3 25. Qe8+ Kg7 0-1

[Event "Madrid-chT 2223"]
[Site "Madrid"]
[Date "2023.03.05"]
[Round "12.3"]
[White "Cubas Cabrera, Angel Luis"]
[Black "Lopez del Alamo, Antonio"]
[Result "0-1"]
[WhiteElo "2202"]
[BlackElo "2279"]
[PlyCount "90"]
[EventDate "2022.11.20"]
[EventType "team-tourn"]
[EventRounds "14"]
[EventCountry "ESP"]
[SourceTitle "Ajedrez en Madrid"]
[Source "lmi"]
[SourceDate "2022.11.21"]
[SourceVersion "1"]
[SourceVersionDate "2023.03.23"]
[SourceQuality "1"]
[WhiteTeam "Alcorcon Diagonal"]
[BlackTeam "Villalba 64"]
[WhiteTeamCountry "ESP"]
[BlackTeamCountry "ESP"]

1. d4 Nf6 2. c4 g6 3. Nf3 Bg7 4. g3 O-O 5. Bg2 d6 6. O-O Bf5 7. Nc3 Ne4 8. Nxe4
Bxe4 9. d5 c5 10. Ne1 Bxg2 11. Kxg2 a6 12. a4 Nd7 13. Qc2 b5 14. Ra2 Qb6 15. b3
Rab8 16. axb5 axb5 17. Nd3 Rb7 18. h4 Rfb8 19. Bd2 Ra7 20. Rc1 b4 21. Rb1 Rba8
22. Rxa7 Qxa7 23. Bc1 Qa2 24. Qxa2 Rxa2 25. Bb2 e6 26. e4 Bxb2 27. Rxb2 Ra1 28.
Kf3 e5 29. Ke2 f5 30. exf5 gxf5 31. Ne1 Kf7 32. Nc2 Ra8 33. Ne3 Kf6 34. g4 f4
35. Nf5 h5 36. f3 hxg4 37. fxg4 e4 38. Nxd6 Ke5 39. Nf7+ Kd4 40. h5 f3+ 41. Kf2
Rf8 42. Ng5 e3+ 43. Kf1 Kc3 44. Rh2 Ne5 45. Ne6 Ra8 0-1

[Event "Madrid-chT 2223"]
[Site "Madrid"]
[Date "2023.03.05"]
[Round "12.4"]
[White "Sanchez Alvares, Kelvin Antonio"]
[Black "Horcajuelo Rocamora, Martin"]
[Result "0-1"]
[WhiteElo "2250"]
[BlackElo "2065"]
[PlyCount "124"]
[EventDate "2022.11.20"]
[EventType "team-tourn"]
[EventRounds "14"]
[EventCountry "ESP"]
[SourceTitle "Ajedrez en Madrid"]
[Source "lmi"]
[SourceDate "2022.11.21"]
[SourceVersion "1"]
[SourceVersionDate "2023.03.23"]
[SourceQuality "1"]
[WhiteTeam "Villalba 64"]
[BlackTeam "Alcorcon Diagonal"]
[WhiteTeamCountry "ESP"]
[BlackTeamCountry "ESP"]

1. d4 Nf6 2. c4 e6 3. Nf3 d5 4. Nc3 c5 5. cxd5 Nxd5 6. e4 Nxc3 7. bxc3 cxd4 8.
cxd4 Bb4+ 9. Bd2 Bxd2+ 10. Qxd2 O-O 11. Bc4 Nd7 12. O-O b6 13. Rfe1 Bb7 14. a4
Rc8 15. Bd3 Nf6 16. a5 Qc7 17. axb6 axb6 18. Rab1 Rfd8 19. Rb3 h6 20. h3 e5 21.
d5 Nd7 22. Nh4 Nc5 23. Rc3 Ra8 24. Bb1 Bc8 25. Rg3 Kh8 26. Qc3 Qe7 27. Nf3 Re8
28. Bc2 Bd7 29. Rb1 b5 30. Qb4 Rec8 31. Qb2 Re8 32. Ne1 f6 33. Qb4 Rec8 34. Rc3
Qf8 35. Nd3 Na6 36. Qxf8+ Rxf8 37. Nb4 Nxb4 38. Rxb4 Rfc8 39. Rxc8+ Rxc8 40.
Bd3 Rc5 41. Kf1 Kg8 42. Ke2 Kf8 43. Kd2 Ke7 44. Rb1 Kd6 45. Ra1 Rc7 46. h4 b4
47. Ra6+ Kc5 48. Ra5+ Kb6 49. Ra6+ Kc5 50. Ra8 Rb7 51. Ra5+ Kd4 52. Bb1 b3 53.
d6 Kc4 54. Bd3+ Kb4 55. Ra8 Rb6 56. Ra6 Rxa6 57. Bxa6 b2 58. Kc2 Ka3 59. Bc4
Ba4+ 60. Kb1 Kb4 61. Be6 Kc3 62. Ka2 Bc2 0-1

[Event "Madrid-chT 2223"]
[Site "Madrid"]
[Date "2023.03.05"]
[Round "12.5"]
[White "Aguilera Lopez, Alejandro"]
[Black "Rico Ropero, Oscar"]
[Result "1-0"]
[WhiteElo "2211"]
[BlackElo "1741"]
[PlyCount "49"]
[EventDate "2022.11.20"]
[EventType "team-tourn"]
[EventRounds "14"]
[EventCountry "ESP"]
[SourceTitle "Ajedrez en Madrid"]
[Source "lmi"]
[SourceDate "2022.11.21"]
[SourceVersion "1"]
[SourceVersionDate "2023.03.23"]
[SourceQuality "1"]
[WhiteTeam "Alcorcon Diagonal"]
[BlackTeam "Villalba 64"]
[WhiteTeamCountry "ESP"]
[BlackTeamCountry "ESP"]

1. Nf3 c5 2. b3 Nc6 3. Bb2 Nf6 4. e3 d5 5. Bb5 Bd7 6. O-O e6 7. c4 Bd6 8. Nc3
O-O 9. cxd5 exd5 10. Bxc6 Bxc6 11. d4 Re8 12. dxc5 Bxc5 13. Rc1 Bb6 14. Nd4 Rc8
15. Nce2 Ne4 16. Nf5 Qg5 17. Ned4 Bd7 18. Rxc8 Bxc8 19. Ng3 Bg4 20. Qd3 h5 21.
Qb5 Nd6 22. h4 Qe5 23. Qa4 Qe7 24. Ba3 Qf6 25. Bxd6 1-0

[Event "Madrid-chT 2223"]
[Site "Madrid"]
[Date "2023.03.05"]
[Round "12.6"]
[White "Rodriguez Sanchez, Juan Carlos"]
[Black "Rey Martinez, Jaime"]
[Result "0-1"]
[WhiteElo "1606"]
[BlackElo "2252"]
[PlyCount "54"]
[EventDate "2022.11.20"]
[EventType "team-tourn"]
[EventRounds "14"]
[EventCountry "ESP"]
[SourceTitle "Ajedrez en Madrid"]
[Source "lmi"]
[SourceDate "2022.11.21"]
[SourceVersion "1"]
[SourceVersionDate "2023.03.23"]
[SourceQuality "1"]
[WhiteTeam "Villalba 64"]
[BlackTeam "Alcorcon Diagonal"]
[WhiteTeamCountry "ESP"]
[BlackTeamCountry "ESP"]

1. d4 d5 2. c4 dxc4 3. e3 e6 4. Nc3 Nf6 5. Bxc4 c5 6. Nf3 a6 7. a4 cxd4 8. exd4
Nc6 9. O-O Be7 10. Re1 O-O 11. Bg5 h6 12. Bh4 Bd7 13. Ne5 Rc8 14. Nxd7 Qxd7 15.
d5 Nxd5 16. Bxe7 Ncxe7 17. Bxd5 Nxd5 18. Nxd5 exd5 19. Qb3 Rfd8 20. Rad1 Rc4
21. a5 Qc7 22. Qa3 d4 23. Qe7 Qxe7 24. Rxe7 Rb4 25. Rd2 Rd5 26. Kf1 Rxa5 27.
Rd7 Ra2 0-1

[Event "Madrid-chT 2223"]
[Site "Madrid"]
[Date "2023.03.11"]
[Round "13.2"]
[White "Neagu, Roberto Florin"]
[Black "Hidalgo Duque, Carlos"]
[Result "1/2-1/2"]
[WhiteElo "2314"]
[BlackElo "2260"]
[PlyCount "47"]
[EventDate "2022.11.20"]
[EventType "team-tourn"]
[EventRounds "14"]
[EventCountry "ESP"]
[SourceTitle "Ajedrez en Madrid"]
[Source "lmi"]
[SourceDate "2022.11.21"]
[SourceVersion "1"]
[SourceVersionDate "2023.03.23"]
[SourceQuality "1"]
[WhiteTeam "Alcorcon Diagonal"]
[BlackTeam "Blanco y Negro"]
[WhiteTeamCountry "ESP"]
[BlackTeamCountry "ESP"]

1. c4 Nf6 2. Nc3 c5 3. g3 e6 4. Nf3 b6 5. Bg2 Bb7 6. O-O Be7 7. b3 O-O 8. Bb2
d5 9. cxd5 Nxd5 10. Qc2 Nc6 11. Nxd5 Qxd5 12. Rac1 Rac8 13. Qc4 Qxc4 14. bxc4
Rfd8 15. d3 Ba8 16. h4 Bf6 17. Bxf6 gxf6 18. Rfe1 f5 19. Rb1 Kf8 20. Nd2 Nd4
21. Bxa8 Rxa8 22. Rb2 Ke7 23. f3 Rg8 24. Kf2 1/2-1/2

[Event "Madrid-chT 2223"]
[Site "Madrid"]
[Date "2023.03.11"]
[Round "13.3"]
[White "Alarcia Astiz, Carlos"]
[Black "Lozano Ramirez, Nestor Favian"]
[Result "1/2-1/2"]
[WhiteElo "2261"]
[BlackElo "2231"]
[PlyCount "70"]
[EventDate "2022.11.20"]
[EventType "team-tourn"]
[EventRounds "14"]
[EventCountry "ESP"]
[SourceTitle "Ajedrez en Madrid"]
[Source "lmi"]
[SourceDate "2022.11.21"]
[SourceVersion "1"]
[SourceVersionDate "2023.03.23"]
[SourceQuality "1"]
[WhiteTeam "Blanco y Negro"]
[BlackTeam "Alcorcon Diagonal"]
[WhiteTeamCountry "ESP"]
[BlackTeamCountry "ESP"]

1. e4 g6 2. d4 Bg7 3. Nf3 d6 4. h3 Nf6 5. Bd3 O-O 6. O-O Nc6 7. c3 e5 8. dxe5
Nxe5 9. Nxe5 dxe5 10. Be3 Qe7 11. Nd2 a5 12. Bc4 Rd8 13. Qe2 b6 14. Rad1 Bb7
15. Bg5 h6 16. Bh4 Qc5 17. Nb3 Qf8 18. Nd2 Qc5 19. Nb3 Qf8 20. Nd2 Rd7 21. Bxf6
Bxf6 22. Nb3 Rxd1 23. Rxd1 Rd8 24. Rxd8 Qxd8 25. Qd3 Qxd3 26. Bxd3 Bg5 27. c4
a4 28. Na1 f5 29. exf5 e4 30. Bc2 Bf6 31. Bxa4 Bxb2 32. Nc2 gxf5 33. Ne3 f4 34.
Nd5 Be5 35. Bc2 Bxd5 1/2-1/2

[Event "Madrid-chT 2223"]
[Site "Madrid"]
[Date "2023.03.11"]
[Round "13.4"]
[White "Cubas Cabrera, Angel Luis"]
[Black "Lang, Zalan Andreas"]
[Result "1-0"]
[WhiteElo "2202"]
[BlackElo "2226"]
[PlyCount "83"]
[EventDate "2022.11.20"]
[EventType "team-tourn"]
[EventRounds "14"]
[EventCountry "ESP"]
[SourceTitle "Ajedrez en Madrid"]
[Source "lmi"]
[SourceDate "2022.11.21"]
[SourceVersion "1"]
[SourceVersionDate "2023.03.23"]
[SourceQuality "1"]
[WhiteTeam "Alcorcon Diagonal"]
[BlackTeam "Blanco y Negro"]
[WhiteTeamCountry "ESP"]
[BlackTeamCountry "ESP"]

1. d4 Nf6 2. c4 e6 3. g3 c5 4. d5 exd5 5. cxd5 d6 6. Nc3 g6 7. Bg2 Bg7 8. Nf3
O-O 9. O-O Re8 10. Bf4 a6 11. a3 Bf5 12. Rc1 h6 13. h4 b5 14. b4 Nh5 15. Bd2
Nd7 16. Nh2 Nhf6 17. Re1 Be4 18. Bf4 Qb6 19. Qd2 Kh7 20. Nxe4 Nxe4 21. Qc2 f5
22. h5 gxh5 23. Bh3 Rf8 24. Bxf5+ Rxf5 25. Qxe4 Raf8 26. Nf3 Kg8 27. Qe6+ R8f7
28. Bxd6 c4 29. Bf4 Qd8 30. e4 Rxf4 31. gxf4 Nf8 32. Qh3 Rxf4 33. Qxh5 Bb2 34.
Rcd1 c3 35. Kh1 Rxf3 36. Qxf3 Qh4+ 37. Kg2 c2 38. Rc1 Bxc1 39. Rxc1 Ng6 40.
Rxc2 Nf4+ 41. Kf1 Qf6 42. Qg4+ 1-0

[Event "Madrid-chT 2223"]
[Site "Madrid"]
[Date "2023.03.11"]
[Round "13.5"]
[White "Renteria Becerra, Jorge Elicer"]
[Black "Horcajuelo Rocamora, Martin"]
[Result "1/2-1/2"]
[WhiteElo "2195"]
[BlackElo "2065"]
[PlyCount "160"]
[EventDate "2022.11.20"]
[EventType "team-tourn"]
[EventRounds "14"]
[EventCountry "ESP"]
[SourceTitle "Ajedrez en Madrid"]
[Source "lmi"]
[SourceDate "2022.11.21"]
[SourceVersion "1"]
[SourceVersionDate "2023.03.23"]
[SourceQuality "1"]
[WhiteTeam "Blanco y Negro"]
[BlackTeam "Alcorcon Diagonal"]
[WhiteTeamCountry "ESP"]
[BlackTeamCountry "ESP"]

1. e4 c5 2. Nf3 d6 3. Bb5+ Nd7 4. O-O a6 5. Bd3 Ngf6 6. c3 b5 7. Bc2 Bb7 8. Re1
e5 9. d3 Be7 10. Nbd2 O-O 11. Nf1 Re8 12. d4 h6 13. d5 c4 14. Ng3 Bf8 15. Nf5
Nc5 16. b4 cxb3 17. axb3 Rc8 18. h3 Ncd7 19. Ba3 Qc7 20. Bb4 g6 21. Ba5 Qb8 22.
Ne3 Nc5 23. Qb1 Be7 24. c4 bxc4 25. Nxc4 Bd8 26. Bc3 Kg7 27. Nfd2 Ncd7 28. Qb2
Kh7 29. Rf1 Nh5 30. g3 Nb6 31. Bd1 Ng7 32. f4 f6 33. fxe5 dxe5 34. Bg4 Nxc4 35.
Nxc4 Rc7 36. d6 Rc5 37. Bd7 Rf8 38. Bb4 Rb5 39. Bxb5 axb5 40. Nd2 Ne6 41. Kh2
Bb6 42. Qc2 Nd4 43. Qd3 Qd8 44. Rac1 Qd7 45. Nf3 Bc8 46. g4 Ne6 47. Bd2 h5 48.
Nxe5 fxe5 49. Rxf8 Nxf8 50. Qf3 hxg4 51. hxg4 Kg8 52. Rf1 Qg7 53. Qh3 Ne6 54.
Rc1 Bd7 55. Ra1 Nf4 56. Bxf4 exf4 57. Ra8+ Kf7 58. e5 Ke6 59. g5+ Kxe5 60. Qh6
Qf7 61. Rf8 Qxb3 62. Qg7+ Kxd6 63. Qf6+ Kc7 64. Qd8+ Kc6 65. Rf6+ Be6 66. Qc8+
Kd6 67. Qf8+ Kc7 68. Qe7+ Bd7 69. Qd6+ Kc8 70. Qxb6 Qh3+ 71. Kg1 Qg3+ 72. Kh1
Qh3+ 73. Kg1 Qg3+ 74. Kh1 Qh4+ 75. Kg1 Qxg5+ 76. Kh2 Qh4+ 77. Kg1 Qg3+ 78. Kh1
Qh3+ 79. Kg1 Qg3+ 80. Kh1 Qh3+ 1/2-1/2

[Event "Madrid-chT 2223"]
[Site "Madrid"]
[Date "2023.03.11"]
[Round "13.6"]
[White "Rey Martinez, Jaime"]
[Black "Cubillo Muñoz, Miguel"]
[Result "1-0"]
[WhiteElo "2252"]
[BlackElo "2151"]
[PlyCount "137"]
[EventDate "2022.11.20"]
[EventType "team-tourn"]
[EventRounds "14"]
[EventCountry "ESP"]
[SourceTitle "Ajedrez en Madrid"]
[Source "lmi"]
[SourceDate "2022.11.21"]
[SourceVersion "1"]
[SourceVersionDate "2023.03.23"]
[SourceQuality "1"]
[WhiteTeam "Alcorcon Diagonal"]
[BlackTeam "Blanco y Negro"]
[WhiteTeamCountry "ESP"]
[BlackTeamCountry "ESP"]

1. e4 c5 2. Nf3 g6 3. d4 cxd4 4. Nxd4 Bg7 5. c4 Nc6 6. Be3 Nf6 7. Nc3 O-O 8.
Be2 d6 9. f3 Bd7 10. Qd2 Nxd4 11. Bxd4 a5 12. h4 a4 13. a3 Qa5 14. h5 Rfc8 15.
g4 Be6 16. hxg6 hxg6 17. g5 Nh5 18. Bxg7 Nxg7 19. f4 Bxc4 20. Bg4 Be6 21. Qh2
Nh5 22. Bxh5 Rxc3 23. bxc3 Qxc3+ 24. Kf2 gxh5 25. Qxh5 Qg7 26. Qe2 b5 27. Rad1
Bc4 28. Qe3 Rc8 29. Rh3 Be6 30. f5 Rc2+ 31. Rd2 Qb2 32. Rxc2 Qxc2+ 33. Kg3 Bb3
34. Rh2 Qc5 35. Qf3 Bc4 36. Rf2 Kf8 37. g6 Qe5+ 38. Qf4 fxg6 39. fxg6+ Kg7 40.
Qxe5+ dxe5 41. Rf5 Kxg6 42. Rxe5 Kf6 43. Kf4 Be2 44. Rc5 Ke6 45. Rc6+ Kd7 46.
Ra6 Bc4 47. Ke5 e6 48. Kd4 Kc7 49. Kc5 Kd7 50. Ra7+ Ke8 51. Rxa4 bxa4 52. Kxc4
Kd7 53. Kb5 Kd6 54. Kxa4 Ke5 55. Kb5 Kxe4 56. a4 Kd3 57. a5 e5 58. a6 e4 59. a7
e3 60. a8=Q e2 61. Qd5+ Ke3 62. Qe5+ Kd3 63. Kb4 Kd2 64. Qc3+ Kd1 65. Qd3+ Ke1
66. Kc3 Kf2 67. Qf5+ Ke1 68. Kd3 Kd1 69. Qf3 1-0

[Event "Madrid-chT 2223"]
[Site "Madrid"]
[Date "2023.03.11"]
[Round "13.3"]
[White "Sanchez Alvares, Kelvin Antonio"]
[Black "Garrido Olivares, Ricard"]
[Result "1-0"]
[WhiteElo "2250"]
[BlackElo "2203"]
[PlyCount "103"]
[EventDate "2022.11.20"]
[EventType "team-tourn"]
[EventRounds "14"]
[EventCountry "ESP"]
[SourceTitle "Ajedrez en Madrid"]
[Source "lmi"]
[SourceDate "2022.11.21"]
[SourceVersion "1"]
[SourceVersionDate "2023.03.23"]
[SourceQuality "1"]
[WhiteTeam "Villalba 64"]
[BlackTeam "San Fernando de Henares"]
[WhiteTeamCountry "ESP"]
[BlackTeamCountry "ESP"]

1. d4 d5 2. c4 e6 3. Nf3 Nf6 4. Nc3 Be7 5. Bg5 Nbd7 6. e3 h6 7. Bxf6 Nxf6 8.
Qc2 O-O 9. cxd5 exd5 10. h3 Re8 11. Be2 Bd6 12. O-O-O c6 13. Bd3 Qa5 14. Kb1 b5
15. Nd2 Bd7 16. Rc1 Rec8 17. Nb3 Qb6 18. Ne2 Be8 19. g4 Rc7 20. Rhg1 Nd7 21.
Nc5 Nf8 22. Ng3 Ne6 23. f4 a5 24. Bf5 Nf8 25. h4 Re7 26. Qf2 Nd7 27. Bxd7 Bxd7
28. g5 hxg5 29. hxg5 Bxc5 30. dxc5 Qd8 31. Rh1 Re8 32. Qh2 Kf8 33. Qh8+ Ke7 34.
Qxg7 Rg8 35. Qe5+ Kf8 36. Nh5 Qe7 37. Nf6 Rd8 38. Qxe7+ Kxe7 39. Nxg8+ Rxg8 40.
Kc2 Bf5+ 41. Kd2 Bg6 42. Rh6 Kd7 43. Rf1 Be4 44. Rd6+ Kc7 45. Rf6 Rg7 46. Rf2
Rh7 47. Rh6 Rg7 48. Rfh2 Bg6 49. Rh8 Bf5 50. R2h6 Bg6 51. Ra8 a4 52. Rhh8 1-0